[Event "Bundesliga 2012-13"]
[Site "Muelheim GER"]
[Date "2012.10.20"]
[Round "1"]
[White "Negi,P"]
[Black "Lenic,L"]
[Result "1/2-1/2"]
[WhiteElo "2657"]
[BlackElo "2633"]

1.e4 e5 2.Nf3 Nc6 3.d4 exd4 4.Nxd4 Bb4+ 5.c3 Bc5 6.Be3 Bb6 7.Nf5 g6 8.Bxb6 axb6
9.Ne3 Nf6 10.f3 Qe7 11.Qd2 Qc5 12.Na3 O-O 13.Nb5 Na7 14.b4 Qe5 15.Qd4 Qxd4
16.Nxd4 d6 17.Bc4 Bd7 18.O-O-O Nc6 19.Kb2 h5 20.Bb3 Kg7 21.a3 h4 22.Nb5 Rfc8
23.c4 Nd8 24.Rd2 Ne6 25.Rc1 Ng5 26.Rf2 Ne6 27.a4 Re8 28.Rd2 Re7 29.Nc3 Bc6
30.Ned5 Ree8 31.e5 dxe5 32.Nxf6 Kxf6 33.b5 Red8 34.Rxd8 Rxd8 35.bxc6 bxc6
36.Ne4+ Ke7 37.c5 Nf4 38.cxb6 Nd3+ 39.Kc2 Nxc1 40.bxc7 Rc8 41.Kxc1 Rxc7 42.Kc2 f5
43.Nd2 Kd6 44.Nc4+ Kd5 45.Kc3 Re7 46.Bc2 e4 47.fxe4+ fxe4 48.Bd1 Rf7 49.Nd2 Rf2
50.a5 e3 51.Bb3+ Ke5 52.Nf3+ Kd6 53.Nxh4 g5 54.Nf3  1/2-1/2

[Event "Chigorin Mem Rapid"]
[Site "St Petersburg RUS"]
[Date "2012.10.25"]
[Round "1.4"]
[White "Reprintsev,A"]
[Black "Negi,P"]
[Result "0-1"]
[WhiteElo "2338"]
[BlackElo "2657"]

1.e4 c5 2.b3 g6 3.Bb2 Nf6 4.Qf3 d6 5.Bb5+ Nbd7 6.g4 Bg7 7.g5 Nh5 8.Bxg7 Nxg7
9.Nc3 O-O 10.O-O-O Ne5 11.Qe3 f6 12.f4 Ng4 13.Qe2 fxg5 14.h3 Nf6 15.fxg5 Nfh5
16.Qe3 e6 17.Nge2 a6 18.Bd3 b5 19.Rdf1 Bb7 20.Ng3 Qe7 21.Nxh5 Nxh5 22.Be2 b4
23.Nd1 a5 24.Bxh5 gxh5 25.d3 a4 26.Rxf8+ Qxf8 27.Rh2 axb3 28.cxb3 Qg7 29.Kb1 Ba6
30.Rf2 Rf8 31.Rxf8+ Qxf8 32.Nf2 e5 33.Kc2 Kg7 34.h4 Bc8 35.Kd2 Be6 36.Ke1 Kg6
37.Kf1 Bg4 38.Kg2 Qf4 39.Qxf4 exf4 40.d4 Be2 41.Nh3 f3+ 42.Kf2 cxd4 43.Nf4+ Kf7
44.Nd5 Ke6 45.Nxb4 Ke5 46.a4 Kxe4 47.a5 Bb5 48.Nc2 d3 49.Na3 d2  0-1

[Event "Chigorin Mem Rapid"]
[Site "St Petersburg RUS"]
[Date "2012.10.25"]
[Round "2.2"]
[White "Negi,P"]
[Black "Gorovykh,E"]
[Result "1-0"]
[WhiteElo "2657"]
[BlackElo "2488"]

1.e4 e6 2.d4 d5 3.e5 c5 4.c3 Bd7 5.Nf3 Qb6 6.Be2 cxd4 7.cxd4 Bb5 8.O-O Bxe2
9.Qxe2 Ne7 10.Nc3 Nbc6 11.Qc2 Rc8 12.Be3 Nb4 13.Qa4+ Nbc6 14.Qc2 Nb4 15.Qd2 Nf5
16.a3 Nc6 17.b4 Be7 18.Qd3 Qd8 19.Bd2 O-O 20.Rac1 f6 21.b5 Na5 22.exf6 Bxf6
23.Ne2 Nc4 24.Bb4 Be7 25.Nf4 Bxb4 26.axb4 Qd6 27.g3 Rce8 28.Rfe1 g6 29.Ne5 Nxe5
30.Rxe5 Re7 31.Rce1 Rfe8 32.Qc3 Qb6 33.Kg2 Kf7 34.h4 Qxd4 35.Rxf5+  1-0

[Event "Chigorin Mem Rapid"]
[Site "St Petersburg RUS"]
[Date "2012.10.25"]
[Round "3.2"]
[White "Neverov,V"]
[Black "Negi,P"]
[Result "1/2-1/2"]
[WhiteElo "2494"]
[BlackElo "2657"]

1.d4 d5 2.c4 c6 3.Nf3 Nf6 4.e3 Bf5 5.Nc3 e6 6.Bd3 Bxd3 7.Qxd3 Nbd7 8.O-O Be7
9.e4 dxe4 10.Nxe4 c5 11.Nxf6+ Nxf6 12.Be3  1/2-1/2

[Event "Chigorin Mem Rapid"]
[Site "St Petersburg RUS"]
[Date "2012.10.25"]
[Round "4.6"]
[White "Negi,P"]
[Black "Yevseev,D"]
[Result "1/2-1/2"]
[WhiteElo "2657"]
[BlackElo "2545"]

1.e4 c6 2.d4 d5 3.e5 Bf5 4.Nf3 e6 5.Be2 Ne7 6.c3 h6 7.O-O Nd7 8.Nbd2 Bh7
9.Nb3 Nc8 10.a4 a5 11.Be3 Be7 12.Nc5 Bxc5 13.dxc5 Ne7 14.b4 O-O 15.Bd3 Be4
16.Bxe4 dxe4 17.Nd2 Nxe5 18.Nxe4 Nf5 19.Bf4 Qxd1 20.Rfxd1 Nc4 21.Bc7 axb4
22.cxb4 Nb2 23.Rd2 Rxa4 24.Rxa4 Nxa4 25.Ra2 Ra8 26.Ba5 b5 27.Rd2 Ne7 28.Rd7 Nd5
29.g4 Nb2 30.Nd6 Nc4 31.Nxf7 Nxa5 32.bxa5 Rxa5 33.Nd8 Nf4 34.h4 b4 35.Nxc6 Rxc5
36.Nxb4 Rc4 37.Na6 Ng6 38.Rd8+ Kh7 39.f3 Nxh4 40.Kf2 Rc2+ 41.Kg3 g5 42.Rd7+ Kg6
43.Nc7 Rg2+ 44.Kh3 Rf2 45.Nxe6 Rxf3+ 46.Kh2 Rf2+ 47.Kg3 Rf3+ 48.Kh2 Kf6 49.Ng7 Ra3
50.Nh5+ Ke5 51.Re7+ Kd4 52.Re6 Nf3+ 53.Kg2 Ne5 54.Rd6+ Ke3 55.Re6 Kd4 56.Rd6+ Kc5
57.Rxh6 Nxg4 58.Rg6 Ne3+  1/2-1/2

[Event "Chigorin Mem Rapid"]
[Site "St Petersburg RUS"]
[Date "2012.10.26"]
[Round "7.8"]
[White "Durarbayli,V"]
[Black "Negi,P"]
[Result "0-1"]
[WhiteElo "2584"]
[BlackElo "2657"]

1.e4 e5 2.Nf3 Nc6 3.Bb5 a6 4.Ba4 Nf6 5.d3 d6 6.c3 g6 7.Nbd2 Bg7 8.Nf1 O-O
9.Ng3 b5 10.Bb3 Na5 11.Bc2 c5 12.O-O Re8 13.Be3 Bb7 14.h3 Rc8 15.Re1 d5 16.Qc1 c4
17.Bh6 Bh8 18.Bg5 cxd3 19.Bxd3 d4 20.Rd1 dxc3 21.bxc3 Qc7 22.Qb1 Nd7 23.Nh2 h5
24.Nf3 Nb6 25.Qb4 Qxc3 26.Qb1 Nac4 27.a4 Nxa4 28.Rxa4 Nb2 29.Ra2 Nxd1 30.Bd2 Red8
31.Bxc3 Nxc3 32.Qb3 Nxa2 33.Ng5 Rc7 34.Qa3 Bf6 35.Nf3 Nc3 36.Qa5 Rcc8 37.Qb6 Bc6
38.Qxa6 Kg7 39.h4 Be8 40.Bf1 b4 41.Bc4 Rc6 42.Qa5 Rxc4 43.Nxe5 Rcd4 44.Nf3 Rd1+
45.Kh2 Rb8 46.e5 Bd8 47.Qc5 b3 48.Qxc3 b2 49.Ne4 b1=Q 50.e6+ Kg8 51.Qe5 Rb5
52.Nc5 Rh1+ 53.Kg3 Qf5  0-1

[Event "Chigorin Mem Rapid"]
[Site "St Petersburg RUS"]
[Date "2012.10.26"]
[Round "9.9"]
[White "Epishin,V"]
[Black "Negi,P"]
[Result "1-0"]
[WhiteElo "2574"]
[BlackElo "2657"]

1.d4 Nf6 2.Nf3 g6 3.c3 Bg7 4.Bg5 O-O 5.Nbd2 d5 6.e3 Bg4 7.Be2 Nbd7 8.O-O Re8
9.h3 Bxf3 10.Bxf3 c6 11.c4 Qb6 12.cxd5 cxd5 13.Qb3 Qxb3 14.Nxb3 Rac8 15.Rfc1 b6
16.Be2 Nb8 17.a4 e5 18.dxe5 Nfd7 19.f4 f6 20.Rxc8 Rxc8 21.exf6 Nxf6 22.Bxf6 Bxf6
23.Rd1 Bxb2 24.Bf3 Kf8 25.Bxd5 Ke7 26.Kf2 Rc2+ 27.Kf3 Rc3 28.g4 Nd7 29.g5 Nc5
30.Nxc5 bxc5 31.Bg8 Bc1 32.Bxh7 Kf7 33.Rd7+ Ke6 34.Rxa7 Rxe3+ 35.Kg4 Re4
36.Ra6+ Ke7 37.Rf6 Rxa4 38.Bxg6 c4 39.h4 c3 40.h5 Ra2 41.h6 Rh2 42.h7 Bb2
43.Rc6  1-0

[Event "Chigorin Memorial 2012"]
[Site "St Petersburg RUS"]
[Date "2012.10.27"]
[Round "1.11"]
[White "Negi,P"]
[Black "Matveeva,O"]
[Result "1-0"]
[WhiteElo "2657"]
[BlackElo "2219"]

1.e4 c5 2.Nf3 Nc6 3.Nc3 g6 4.d4 cxd4 5.Nxd4 Bg7 6.Be3 Nf6 7.Nb3 O-O 8.Be2 d6
9.O-O Be6 10.f4 Rc8 11.Qe1 a6 12.Kh1 b5 13.Rd1 Qc7 14.Nd5 Qb7 15.Bf3 Qb8
16.c3 Rfe8 17.h3 Nd7 18.Rf2 a5 19.a3 a4 20.Nd4 Bxd5 21.exd5 Nxd4 22.Bxd4 Nb6
23.Re2 Rc7 24.h4 Nc4 25.h5 Qc8 26.Qh4 Bxd4 27.Rxd4 Kg7 28.g4 f6 29.Rde4 Nb6
30.Re6 b4 31.g5 fxg5 32.Qxg5 bxc3 33.bxc3 Qa6 34.hxg6 h6 35.Qf5  1-0

[Event "Chigorin Memorial 2012"]
[Site "St Petersburg RUS"]
[Date "2012.10.29"]
[Round "3.2"]
[White "Negi,P"]
[Black "Moiseenko,Va"]
[Result "1-0"]
[WhiteElo "2657"]
[BlackElo "2477"]

1.e4 e6 2.d4 d5 3.e5 c5 4.c3 Bd7 5.Nf3 Qb6 6.a3 Bb5 7.c4 Bxc4 8.Bxc4 dxc4
9.d5 exd5 10.Qxd5 Ne7 11.Qxc4 Qa6 12.Qxa6 Nxa6 13.Nc3 Nc7 14.O-O Nc6 15.Ne4 Ne6
16.Be3 Be7 17.Rac1 b6 18.b4 Ncd4 19.Nxd4 cxd4 20.Bd2 g5 21.h4 h6 22.Ng3 gxh4
23.Nf5 h5 24.f4 Rg8 25.Kh2 Bf8 26.Nxh4 Rg4 27.Nf5 a5 28.bxa5 bxa5 29.Rf3 Rb8
30.Ng3 Nc5 31.Nxh5 Rh4+ 32.Rh3 Rxh3+ 33.Kxh3 Rb3+ 34.Kg4 Rxa3 35.Rc4 Be7
36.Rxd4 Ra2 37.Be3 Rxg2+ 38.Kf3 Rh2 39.Ng7+ Kf8 40.Nf5 Ne6 41.Rd7 Bb4 42.Nd6 Bxd6
43.Rxd6 Kg7 44.f5 Rh3+ 45.Ke4 Rh4+ 46.Kd5 Nf4+ 47.Kc6 a4 48.Rd7 Kg8 49.Rd4 a3
50.Ra4 Kg7 51.Bf2 Rg4 52.Bc5 a2 53.Be7 Rg2 54.Bf6+ Kh6 55.Rxf4 Rc2+ 56.Kd5  1-0

[Event "Chigorin Memorial"]
[Site "St Petersburg RUS"]
[Date "2012.10.30"]
[Round "4.1"]
[White "Grigoryan,Av"]
[Black "Negi,P"]
[Result "1/2-1/2"]
[WhiteElo "2572"]
[BlackElo "2657"]

1.d4 d5 2.Nf3 Nf6 3.c4 c6 4.Qc2 g6 5.Bf4 Bg7 6.e3 O-O 7.Nc3 c5 8.dxc5 Qa5
9.Rd1 dxc4 10.Qa4 Qxc5 11.Qxc4 Qxc4 12.Bxc4 Nc6 13.h3 b6 14.Ne5 Bb7 15.Nxc6 Bxc6
16.f3 Rfd8 17.Ke2 Kf8 18.Be5 Nd7 19.Bxg7+ Kxg7 20.Bd5 Bxd5 21.Rxd5 Nf6 22.Rxd8 Rxd8
23.Rd1 Rxd1 24.Kxd1 Kf8 25.Kd2 Ke8 26.Kd3 Kd7 27.Kd4 Kc6 28.g4 h6 29.f4 Nd7
30.Nd5 Kd6 31.Nc3 Kc6 32.Nd5 Kd6 33.Nc3 Kc6  1/2-1/2

[Event "Chigorin Memorial"]
[Site "St Petersburg RUS"]
[Date "2012.10.31"]
[Round "5.6"]
[White "Negi,P"]
[Black "Malakhatko,V"]
[Result "1/2-1/2"]
[WhiteElo "2657"]
[BlackElo "2558"]

1.e4 e6 2.d4 d5 3.e5 c5 4.c3 Qb6 5.Nf3 Nc6 6.a3 Nh6 7.Bd3 cxd4 8.cxd4 Nf5
9.Bxf5 exf5 10.Nc3 Be6 11.O-O h6 12.b4 Qd8 13.Qd3 Be7 14.Bd2 Rc8 15.Ne2 O-O
16.Ng3 Qd7 17.Nh5 Rfd8 18.b5 Nb8 19.a4 Qc7 20.Rfc1 Qd7 21.Re1 Qc7 22.Rac1 Qd7
23.Ra1 Qc7 24.Rac1 Qd7 25.Qe3 Rxc1 26.Bxc1 Rc8 27.Bd2 Bf8 28.Qf4 Qd8 29.Qg3 Kh8
30.Bg5 Qa5 31.Be7 f4 32.Qh4 Nd7 33.Bxf8 Nxf8 34.Qxf4 Ng6 35.Qg3 Rc3 36.Rf1 Qxa4
37.h4 Qxb5 38.Nxg7 Kxg7 39.h5 Qd3 40.Ra1 a6 41.hxg6 Qxg6 42.Qf4 Qg4 43.Qf6+ Kh7
44.Rb1 b5 45.Ra1 Rc6 46.Qe7 Qf4 47.Qb7 Rc1+ 48.Rxc1 Qxc1+ 49.Kh2 Qa3 50.Nh4 Qd3
51.Qxa6 Qxd4 52.Nf3 Qb2 53.Qb6 b4 54.Qe3 Qc2 55.Nd4 Qe4 56.Qd2 Qxe5+ 57.Kg1 Qd6
58.Nc2 Bf5 59.Qxb4 Qxb4 60.Nxb4 d4 61.f3 Bd7 62.Kf2 Bb5 63.Ke1 Kg6 64.Nc2 d3
65.Nd4 Ba6 66.Kd2 h5 67.g3 Kg5 68.Ke3 Bc4 69.Nc6 h4 70.gxh4+ Kxh4  1/2-1/2

[Event "Chigorin Memorial"]
[Site "St Petersburg RUS"]
[Date "2012.11.02"]
[Round "7.9"]
[White "Negi,P"]
[Black "Soffer,R"]
[Result "1-0"]
[WhiteElo "2657"]
[BlackElo "2506"]

1.e4 e6 2.d4 d5 3.Nc3 Bb4 4.exd5 exd5 5.Bd3 Nc6 6.a3 Bxc3+ 7.bxc3 Nf6 8.Ne2 O-O
9.O-O Bg4 10.f3 Bh5 11.Rb1 Na5 12.Bg5 c6 13.Ng3 Bg6 14.f4 h6 15.Bxf6 Qxf6
16.f5 Bh7 17.Nh5 Qg5 18.h4 Qxh4 19.Rf4 Qe7 20.Rg4 g5 21.fxg6 fxg6 22.Bxg6 Qe3+
23.Kh1 Rf2 24.Rg3 Qe7 25.Bxh7+ Kxh7 26.Rg7+ Qxg7 27.Nxg7 Kxg7 28.Qg4+ Kh8
29.Re1 Rf7 30.Re6 Rh7 31.Qf4 Nc4 32.Rg6 Rg7 33.Qf6  1-0

[Event "Chigorin Memorial"]
[Site "St Petersburg RUS"]
[Date "2012.11.03"]
[Round "8.8"]
[White "Kovalyov,A"]
[Black "Negi,P"]
[Result "1/2-1/2"]
[WhiteElo "2593"]
[BlackElo "2657"]

1.c4 e5 2.Nc3 Nf6 3.Nf3 Nc6 4.a3 d5 5.cxd5 Nxd5 6.Qc2 Nxc3 7.dxc3 Bg4 8.h3 Bh5
9.b4 Bd6 10.Nd2 O-O 11.e4 a5 12.Rb1 axb4 13.axb4 Qd7 14.Bc4 Na7 15.Nf1 Nb5
16.Ne3 Kh8 17.O-O Na3 18.Bxa3 Rxa3 19.Ra1 Rfa8 20.Qb2 Rxa1 21.Rxa1 Qe8 22.Rxa8 Qxa8
23.Nf5 Bf8 24.Qd2 Qe8 25.Ng3 Bg6 26.h4 h5 27.Be2 Be7 28.Nf5 Bxf5 29.exf5 Bxh4
30.Bxh5 Kg8 31.Bf3 e4 32.Qe1 e3 33.Qxe3 Qxe3 34.fxe3 Be1 35.Bxb7 Bxc3 36.b5 Kf8
37.Kf2 Ke7 38.Kf3 Bb2 39.Ke4 Bc1 40.Bd5 f6  1/2-1/2

[Event "Chigorin Memorial"]
[Site "St Petersburg RUS"]
[Date "2012.11.04"]
[Round "9.8"]
[White "Negi,P"]
[Black "Burmakin,V"]
[Result "1/2-1/2"]
[WhiteElo "2657"]
[BlackElo "2579"]

1.e4 c6 2.d4 d5 3.e5 Bf5 4.Nf3 e6 5.Be2 Nd7 6.O-O h6 7.Nbd2 Ne7 8.Nb3 Bh7
9.a4 Ng6 10.a5 Be7 11.c4 dxc4 12.Bxc4 O-O 13.Be3 Rc8 14.Rc1 Bb4 15.Bd2 Bxd2
16.Qxd2 Ne7 17.Qb4 Rc7 18.Rfe1 Re8 19.Nfd2 b6 20.Ne4 Qb8 21.Nd6 Rd8 22.Qc3 Nf8
23.Nd2 c5 24.dxc5 Rxc5 25.b4 Rc7 26.Nb5 Rcd7 27.Nd6 Rc7 28.Nb5 Rcd7 29.Nd6 Rc7  1/2-1/2

[Event "TCh-ESP CECLUB Div Honor 2012"]
[Site "Leon ESP"]
[Date "2012.11.07"]
[Round "3.2"]
[White "Jerez Perez,A"]
[Black "Negi,P"]
[Result "1/2-1/2"]
[WhiteElo "2411"]
[BlackElo "2638"]

1.e4 e5 2.Nf3 Nc6 3.Bb5 a6 4.Bxc6 dxc6 5.O-O Qf6 6.d4 exd4 7.Bg5 Qd6 8.Nxd4 Bd7
9.Nc3 Ne7 10.Be3 c5 11.Nde2 Qxd1 12.Raxd1 Ng6 13.Nd5 O-O-O 14.c4 Bc6 15.b3 Bd6
16.Ng3 Rhe8 17.f3 f6 18.Nf5 Bf8 19.Bf2 Ne5 20.Bg3 b5 21.Nfe3 Bd7 22.Rf2 Be6
23.Rfd2 c6 24.Nc3 Rxd2 25.Rxd2 g6 26.Bf4 Nd7 27.Ncd1 f5 28.exf5 gxf5 29.g4 fxg4
30.fxg4 bxc4 31.Nxc4 Bxc4 32.bxc4 Re4 33.Bg3 Rxg4 34.Ne3 Re4 35.Kf2 Ne5 36.Bxe5 Rxe5
37.Kf3 Kc7 38.Ng4 Re1 39.Nf6 Rc1 40.Nxh7 Bh6 41.Re2 Rxc4 42.Re6 Rc3+ 43.Kg4 Be3
44.h4 Rd3 45.Re4 Kd6 46.h5 Bd4 47.Ng5 Rd1 48.h6 Rg1+ 49.Kf5 Rh1 50.h7 Ba1
51.Re8 c4 52.Rd8+ Ke7 53.Ra8 c3 54.h8=Q Rxh8 55.Rxh8 c2 56.Rh7+ Ke8 57.Rh1 Bb2
58.Ne6 c1=Q 59.Rxc1 Bxc1 60.Nc7+  1/2-1/2

[Event "TCh-ESP CECLUB Div Honor 2012"]
[Site "Leon ESP"]
[Date "2012.11.08"]
[Round "4.4"]
[White "Negi,P"]
[Black "Van Wely,L"]
[Result "1-0"]
[WhiteElo "2638"]
[BlackElo "2691"]

1.e4 d5 2.exd5 Qxd5 3.Nc3 Qa5 4.d4 Nf6 5.Nf3 c6 6.Bc4 Bf5 7.Bd2 e6 8.Nd5 Qd8
9.Nxf6+ gxf6 10.Qe2 Bxc2 11.O-O Bg6 12.Rfe1 Qd7 13.Rad1 b5 14.Bb3 Na6 15.d5 cxd5
16.Bc3 Be4 17.Bxf6 Rg8 18.Ng5 Nc5 19.f3 Nxb3 20.fxe4 Be7 21.exd5 Nd4 22.Qh5 O-O-O
23.dxe6 fxe6 24.Rxd4 Bc5 25.Rc1 Qc6 26.Kh1  1-0

[Event "TCh-ESP CECLUB Div Honor 2012"]
[Site "Leon ESP"]
[Date "2012.11.09"]
[Round "5.1"]
[White "Fluvia Poyatos,Joa"]
[Black "Negi,P"]
[Result "1-0"]
[WhiteElo "2490"]
[BlackElo "2638"]

1.e4 e5 2.Nf3 Nc6 3.Bb5 a6 4.Ba4 Nf6 5.O-O Be7 6.Re1 b5 7.Bb3 O-O 8.h3 Bb7
9.d3 d5 10.exd5 Nxd5 11.Nbd2 Nf4 12.Ne4 Nxg2 13.Kxg2 Na5 14.Ng3 Nxb3 15.axb3 Qd7
16.Rxe5 Bd6 17.Re1 Rae8 18.Rxe8 Rxe8 19.d4 Bxg3 20.fxg3 Qd5 21.Kf2 Re6 22.Bf4 Rf6
23.h4 h6 24.c4 bxc4 25.bxc4 Qxc4 26.Ra3 Rf5 27.Rc3 Qe6 28.Rc5 Be4 29.Rxf5 Qxf5
30.Qb3 Kh7 31.Bd2 f6 32.Ke2 Qh3 33.Ne1 Qg4+ 34.Kf2 Qf5+ 35.Ke2 Qg4+ 36.Kf2 Qf5+
37.Kg1 Qh3 38.Qe3 Bc6 39.Qf4 Bb5 40.Qf3 Qd7 41.Nc2 c6 42.Qe4+ Kh8 43.Ne3 Qf7
44.Nf5 Qc4 45.Qf3 g6 46.Ne3 Qxd4 47.Bc3 Qd6 48.Qxf6+ Qxf6 49.Bxf6+ Kg8 50.Bc3 h5
51.Kf2 Kf7 52.Kf3 Ke6 53.Ke4 c5 54.Bg7  1-0

[Event "TCh-ESP CECLUB Div Honor 2012"]
[Site "Leon ESP"]
[Date "2012.11.11"]
[Round "7.2"]
[White "Negi,P"]
[Black "Sargissian,G"]
[Result "1-0"]
[WhiteElo "2638"]
[BlackElo "2679"]

1.e4 e5 2.Nf3 Nc6 3.d4 exd4 4.Nxd4 Bc5 5.Nb3 Bb6 6.Nc3 Nf6 7.Qe2 O-O 8.Bg5 Nd4
9.Qd2 Nxb3 10.axb3 h6 11.Be3 Bxe3 12.Qxe3 Re8 13.O-O-O c6 14.Qd4 Qe7 15.f3 b5
16.Qd6 Qxd6 17.Rxd6 Re6 18.Rxe6 dxe6 19.e5 Nd5 20.Ne4 a5 21.c4 Ne3 22.Kd2 Nf5
23.Nc5 a4 24.cxb5 cxb5 25.b4 Rb8 26.Bd3 Ne7 27.Be4 Bd7 28.Nxd7 Rd8 29.Ke2 Rxd7
30.Rd1 Rxd1 31.Kxd1 Kf8 32.Kd2 Ke8 33.Bd3 Kd8 34.Bxb5 Ng6 35.Ke3 Nxe5 36.Kd4 f6
37.Bxa4 Kc7 38.f4 Ng6 39.g3 e5+ 40.fxe5 Nxe5 41.Kd5 Kb6 42.Ke6 Nf3 43.h4 h5
44.Bd1 Nd4+ 45.Kf7 Nf5 46.Bxh5 g5 47.g4 Ne3 48.hxg5 fxg5 49.Kf6 Kb5 50.Kxg5 Kxb4
51.Bf7  1-0

[Event "Chess Classic ELO Open 2013"]
[Site "Baden-Baden GER"]
[Date "2013.02.08"]
[Round "2.2"]
[White "Buecker,S"]
[Black "Negi,P"]
[Result "0-1"]
[WhiteElo "2342"]
[BlackElo "2638"]

1.e4 c5 2.a4 Nc6 3.Bb5 g6 4.d3 Bg7 5.Ne2 e5 6.Be3 Nd4 7.Bc4 Ne7 8.Nec3 d6
9.Nd5 Nxd5 10.Bxd5 O-O 11.h4 h6 12.c3 Nc6 13.h5 g5 14.Nd2 Be6 15.Qb3 Qd7
16.f3 Bxd5 17.Qxd5 Ne7 18.Qb3 b6 19.g4 d5 20.Ke2 Rad8 21.Qb5 Qe6 22.Rad1 Rd7
23.Nf1 Nc8 24.Ng3 d4 25.Bf2 Nd6 26.Qa6 dxc3 27.bxc3 Qb3 28.c4 Rfd8 29.Be3 b5
30.cxb5 Nc4 31.Bxc5 Qc2+ 32.Ke1 Nb2  0-1

[Event "Chess Classic ELO Open 2013"]
[Site "Baden-Baden GER"]
[Date "2013.02.10"]
[Round "4.1"]
[White "Bacrot,E"]
[Black "Negi,P"]
[Result "1/2-1/2"]
[WhiteElo "2704"]
[BlackElo "2638"]

1.d4 Nf6 2.c4 g6 3.Nf3 Bg7 4.Nc3 d5 5.Qa4+ Bd7 6.Qb3 dxc4 7.Qxc4 O-O 8.Bf4 Na6
9.e4 c5 10.e5 Nh5 11.Be3 Nb4 12.O-O-O b5 13.Qb3 Be6 14.d5 Bf5 15.Bxb5 Rb8
16.Qc4 Qa5 17.a3 Nc2 18.Qa4 Qxa4 19.Bxa4 Nxe3 20.fxe3 Bg4 21.d6 exd6 22.Rxd6 Bxf3
23.gxf3 Bxe5 24.Rd5 Bxc3 25.bxc3 Rfc8 26.Kc2 Nf6 27.Rd6 Ne8 28.Rd7 Nf6 29.Rxa7 Ra8
30.Rxa8 Rxa8 31.Bb3 Rxa3 32.Rb1 Ra7 33.e4 Re7 34.Ra1 g5 35.Rg1 g4 36.h3 h5
37.hxg4 hxg4 38.Bd5 Kf8 39.fxg4 Nxe4 40.Rf1 Nd6  1/2-1/2

[Event "Chess Classic ELO Open 2013"]
[Site "Baden-Baden GER"]
[Date "2013.02.11"]
[Round "5.1"]
[White "Negi,P"]
[Black "Karpatchev,A"]
[Result "1/2-1/2"]
[WhiteElo "2638"]
[BlackElo "2484"]

1.e4 e5 2.Nf3 Nc6 3.d4 exd4 4.Nxd4 Bc5 5.Nb3 Bb6 6.Nc3 Nf6 7.Qe2 O-O 8.Bg5 h6
9.Bh4 a5 10.a4 Nd4 11.Qd3 Nxb3 12.cxb3 c6 13.O-O-O d5 14.Qc2 Qd6 15.Kb1 Qe5
16.Bg3 Qe6 17.f3 dxe4 18.Bc4 Qf5 19.fxe4 Qg5 20.Bd6 Re8 21.h4 Qh5 22.Rdf1 Be6
23.Be2 Bg4 24.Bc4 Be6 25.Be2 Bg4 26.Bc4  1/2-1/2

[Event "Chess Classic ELO Open 2013"]
[Site "Baden-Baden GER"]
[Date "2013.02.12"]
[Round "6.1"]
[White "Sanikidze,T"]
[Black "Negi,P"]
[Result "1-0"]
[WhiteElo "2553"]
[BlackElo "2638"]

1.d4 Nf6 2.c4 g6 3.f3 d5 4.cxd5 Nxd5 5.e4 Nb6 6.Nc3 Bg7 7.Be3 O-O 8.Qd2 Nc6
9.O-O-O Qd6 10.Nb5 Qd7 11.Bh6 Bxh6 12.Qxh6 a6 13.Nc3 Nxd4 14.f4 f6 15.Nf3 e5
16.fxe5 fxe5 17.Nxe5 Qd6 18.Nf3 c5 19.Ng5 Qe7 20.Nd5 Nxd5 21.Bc4 Qg7 22.Qh4 Kh8
23.Rhf1 Be6 24.Bxd5 Bxd5 25.exd5 Rxf1 26.Rxf1 Nf5 27.Qf4 Qd4 28.g4 Qxf4+
29.Rxf4 h6 30.Ne4 Ne3 31.d6 Rd8 32.Rf7 Nxg4 33.Re7 Kg8 34.h3 Ne3 35.Nf6+ Kf8
36.Nh7+ Kg8 37.d7  1-0

[Event "Chess Classic ELO Open 2013"]
[Site "Baden-Baden GER"]
[Date "2013.02.13"]
[Round "7.4"]
[White "Negi,P"]
[Black "Agrest,I"]
[Result "1-0"]
[WhiteElo "2638"]
[BlackElo "2174"]

1.e4 e5 2.Nf3 Nc6 3.Bb5 f5 4.d3 fxe4 5.dxe4 Nf6 6.O-O Bc5 7.Nc3 d6 8.Bg5 O-O
9.Nd5 Kh8 10.Nh4 Ne7 11.Bxf6 gxf6 12.Qh5 Kg7 13.Nxe7 Qxe7 14.Nf5+ Bxf5 15.Qxf5 Qf7
16.Bd7 Qg6 17.Qf3 Kh8 18.Rad1 Rg8 19.Kh1 Rg7 20.Bf5 Qf7 21.b3 Rag8 22.Qh3 Qe7
23.c3 a6 24.Rd3 a5 25.a4 Bb6 26.f4 c6 27.Rdf3 Bc7 28.fxe5 Qxe5 29.Qh4 Qe7
30.Rh3 d5 31.exd5 cxd5 32.Re1 Be5 33.Bxh7 Rxh7 34.Rxe5 Qg7 35.Qxh7+ Qxh7
36.Rxh7+ Kxh7 37.Rxd5 Re8 38.h3 Re3 39.Rxa5 Rxc3 40.Rb5 Rc7 41.Kh2 Kg6 42.Kg3 Rd7
43.a5 Rc7 44.Kf4 Re7 45.h4  1-0

[Event "Chess Classic ELO Open 2013"]
[Site "Baden-Baden GER"]
[Date "2013.02.14"]
[Round "8.2"]
[White "Negi,P"]
[Black "Iordachescu,V"]
[Result "1-0"]
[WhiteElo "2638"]
[BlackElo "2610"]

1.e4 e5 2.Nf3 Nc6 3.Bb5 a6 4.Ba4 Nf6 5.O-O Be7 6.d3 b5 7.Bb3 d6 8.a4 Bd7
9.c3 O-O 10.Nbd2 Na5 11.Bc2 c5 12.Re1 Qc7 13.Nf1 Rfc8 14.h3 b4 15.cxb4 cxb4
16.Ne3 Be6 17.d4 Nc4 18.Bd3 Nxe3 19.Bxe3 exd4 20.Nxd4 Bd7 21.a5 Qb7 22.Qf3 Bd8
23.Bf4 Be7 24.Rad1 Rc5 25.Nb3 Rcc8 26.Bb1 Ne8 27.Nd4 Bf6 28.Ba2 Qc7 29.e5 dxe5
30.Rxe5 Qa7 31.Re7 Bxe7 32.Bb8 Nf6 33.Bxa7 Rxa7 34.Nf5 Bxf5 35.Qxf5 Rac7
36.Qd3 Ra8 37.Qe3 Bc5 38.Qe5 Rac8 39.g4 Bf8 40.Qe2 Ra7 41.g5 Ne8 42.Qg4 Rb8
43.Qf4 Rc8 44.Bc4 g6 45.b3 Ng7 46.Qd4 Rc5 47.Qd8 Ne6 48.Bxe6 fxe6 49.Qb6 Rxg5+
50.Kf1 Rf7 51.Qxa6 Kg7 52.Rd2 Rc5 53.Qb6 e5 54.a6 e4 55.Qe6 Rff5 56.Rd7+ Kh6
57.Qxe4 Rc1+ 58.Kg2 Bc5 59.Qh4+ Rh5 60.Qf4+ Rg5+ 61.Kh2 Rc2 62.h4  1-0

[Event "Chess Classic ELO Open 2013"]
[Site "Baden-Baden GER"]
[Date "2013.02.15"]
[Round "9.3"]
[White "Tereick,B"]
[Black "Negi,P"]
[Result "1/2-1/2"]
[WhiteElo "2382"]
[BlackElo "2638"]

1.Nf3 d5 2.d4 Nf6 3.c4 e6 4.g3 dxc4 5.Qa4+ c6 6.Qxc4 b5 7.Qb3 Bb7 8.Bg2 a6
9.a4 Nbd7 10.O-O Be7 11.Ne5 Nxe5 12.dxe5 Nd7 13.Nc3 O-O 14.Bf4 Qb6 15.Rfd1 Rfd8
16.Ne4 Nc5 17.Qc2 Nxe4 18.Bxe4 h6 19.Be3 c5 20.b4 Bxe4 21.Qxe4 bxa4  1/2-1/2

[Event "29th Open"]
[Site "Cappelle la Grande FRA"]
[Date "2013.02.25"]
[Round "4.22"]
[White "Dumitrache,D"]
[Black "Negi,P"]
[Result "0-1"]
[WhiteElo "2440"]
[BlackElo "2638"]

1.Nf3 Nf6 2.c4 e6 3.d4 d5 4.Nc3 c6 5.cxd5 exd5 6.Bg5 Be7 7.Qc2 g6 8.e3 Bf5
9.Bd3 Bxd3 10.Qxd3 O-O 11.Bxf6 Bxf6 12.b4 Qd6 13.b5 c5 14.O-O cxd4 15.Nxd4 Nd7
16.Rad1 Ne5 17.Qb1 Ng4 18.g3 Qe5 19.Kg2 Rac8 20.Rc1 Bg7 21.Rfd1 Rfd8 22.Nf3 Qe6
23.Ne2 Rxc1 24.Rxc1 d4 25.Nexd4 Bxd4 26.exd4 Qe2 27.Rc2 Ne3+  0-1

[Event "29th Open"]
[Site "Cappelle la Grande FRA"]
[Date "2013.02.27"]
[Round "6.15"]
[White "Glud,J"]
[Black "Negi,P"]
[Result "0-1"]
[WhiteElo "2514"]
[BlackElo "2638"]

1.c4 c5 2.g3 g6 3.Bg2 Bg7 4.Nc3 Nc6 5.e3 e5 6.Nge2 Nge7 7.a3 d6 8.Rb1 a5
9.d3 O-O 10.O-O Rb8 11.Bd2 f5 12.Nd5 Nxd5 13.cxd5 Ne7 14.b4 axb4 15.axb4 b6
16.Qb3 Ba6 17.b5 Bb7 18.f4 Kh8 19.Ra1 h6 20.Ra7 g5 21.e4 gxf4 22.gxf4 Ng6
23.exf5 Rxf5 24.Be4 Nxf4 25.Bxf5 Nxe2+ 26.Kh1 Nd4 27.Qa2 Nxf5 28.Rxf5 Qg8
29.Kg1 Bxd5 30.Qa4 c4 31.dxc4 Bf6+ 32.Kf1 Qg2+ 33.Ke1 Bf3 34.Rxf3 Qxf3  0-1

[Event "UTD Turner GM Invitational 2013"]
[Site "Richardson USA"]
[Date "2013.03.09"]
[Round "2"]
[White "Pavlovic,MilosM"]
[Black "Negi,P"]
[Result "1/2-1/2"]
[WhiteElo "2482"]
[BlackElo "2639"]

1.e4 c5 2.Nf3 d6 3.d4 cxd4 4.Nxd4 Nf6 5.Nc3 a6 6.Be2 e6 7.O-O Nc6 8.Be3 Be7
9.f4 O-O 10.Qe1 Nxd4 11.Bxd4 b5 12.a3 Bb7 13.Qg3 g6 14.Bd3 Nh5 15.Qe3 Bf6
16.Bxf6 Nxf6 17.Qe2 Rc8 18.Kh1 Nd7 19.Rad1 Re8 20.Qd2 Qf6 21.e5 dxe5 22.fxe5 Qxe5
23.Bxg6 fxg6 24.Qxd7 Bc6 25.Qf7+ Kh8  1/2-1/2

[Event "UTD Turner GM Invitational 2013"]
[Site "Richardson USA"]
[Date "2013.03.10"]
[Round "3"]
[White "Negi,P"]
[Black "Flores Rios,M"]
[Result "1-0"]
[WhiteElo "2639"]
[BlackElo "2481"]

1.e4 e5 2.Nf3 Nf6 3.Nxe5 d6 4.Nf3 Nxe4 5.Nc3 Nxc3 6.dxc3 Be7 7.Be3 Nc6 8.Qd2 Be6
9.O-O-O Qd7 10.h4 h6 11.Nd4 Nxd4 12.Bxd4 Rg8 13.c4 c5 14.Bc3 Qc6 15.Bd3 O-O-O
16.Qe3 d5 17.cxd5 Qxd5 18.b3 Qc6 19.Be4 Qa6 20.Kb1 g5 21.h5 Qb6 22.Bf5 Bxf5
23.Qxe7 Rde8 24.Qxf7 Rgf8 25.Qc4 Qc6 26.Bg7 Be6 27.Qc3 Rxf2 28.Rhe1 b6 29.Rd2 Qxg2
30.Rxf2 Qxf2 31.Bxh6 g4 32.Bg5 Qf5 33.Re5 Qf7 34.h6 Bf5 35.Qc4 Qg6 36.h7 Rxe5
37.h8=Q+ Re8 38.Qf6 Qxf6 39.Bxf6 Be4 40.Qe2  1-0

[Event "UTD Turner GM Invitational 2013"]
[Site "Richardson USA"]
[Date "2013.03.10"]
[Round "4"]
[White "Hambleton,A"]
[Black "Negi,P"]
[Result "0-1"]
[WhiteElo "2463"]
[BlackElo "2639"]

1.d4 Nf6 2.c4 g6 3.Nc3 d5 4.cxd5 Nxd5 5.Bd2 Bg7 6.e4 Nb6 7.Be3 O-O 8.h3 e5
9.d5 c6 10.Qb3 cxd5 11.exd5 e4 12.Rd1 Re8 13.Nge2 Na6 14.Nf4 Bd7 15.Ne6 Bxc3+
16.Qxc3 fxe6 17.dxe6 Rxe6 18.Qd2 Qf6 19.Bxb6 axb6 20.Bc4 b5 21.Bxe6+ Bxe6
22.O-O Bc4 23.Rfe1 Bd3 24.Rc1 Rf8 25.b3 Qd4 26.Re3 Nb4 27.Rg3 Nd5 28.Qg5 Qxf2+
29.Kh2 Qf5  0-1